000 00540nam a2200181 i 4500
001 19604
003 ES-MaACL
005 20230906152130.0
007 t|
008 021004s1973 sp ||||1| spa d
100 1 _aAbella, Rafael,
_d1917-2008
_918048
245 1 3 _aLa vida cotidiana durante la guerra civil
_b: la España Nacional /
_cRafael Abella.
250 _a[1ª ed.].
260 _aBarcelona :
_bPlaneta,
_c[1973]
300 _a446 p., 8 lám. :
_bil. ;
_c25 cm.
852 _aES-MaACL
_jC-55909
_bR.88502
999 _c19604
_d19604